[Event "Summer Team Tournament 2020"]
[Site "Skype"]
[Date "????.??.??"]
[Round "1"]
[White "Scata, Laura"]
[Black "Ibanez, Bittor"]
[Result "1-0"]
[WhiteElo "1273"]
[BlackElo "1000"]
[PlyCount "91"]

1. d4 d5 2. Bf4 c6 3. e3 e6 4. c3 Bd6 5. Bxd6 Qxd6 6. Nf3 h6 7. Nbd2 Ne7 8. e4
f5 9. e5 Qc7 10. Nb3 b6 11. Be2 Ba6 12. Nbd2 Bxe2 13. Qxe2 Nd7 14. Nh4 O-O-O
15. Qa6+ Qb7 16. Qxb7+ Kxb7 17. a4 b5 18. b4 g5 19. Nhf3 a6 20. Nb3 Nb6 21.
Nc5+ Kc8 22. axb5 cxb5 23. Rxa6 Nc4 24. Ra8+ Kc7 25. Nxe6+ Kd7 26. Rxd8+ Rxd8
27. Nxd8 Kxd8 28. Nd2 f4 29. Nxc4 dxc4 30. Ke2 Nd5 31. Kd2 g4 32. Ra1 h5 33. g3
fxg3 34. hxg3 Ke7 35. Ra5 Nc7 36. Ra7 Kd7 37. d5 Kd8 38. Rxc7 Kxc7 39. Ke3 Kd7
40. Kf4 Ke7 41. Kf5 Kf7 42. Kg5 h4 43. gxh4 g3 44. fxg3 Kg7 45. h5 Kh7 46. d6
1-0

[Event "Summer Team Tournament 2020"]
[Site "Skype"]
[Date "????.??.??"]
[Round "1"]
[White "Abate, Luigi"]
[Black "Rivalta, Paolo"]
[Result "1/2-1/2"]
[WhiteElo "1134"]
[BlackElo "1095"]
[PlyCount "78"]

1. c4 e5 2. Nc3 Nf6 3. g3 d5 4. c5 Bxc5 5. Bg2 d4 6. Ne4 Bb6 7. d3 O-O 8. Nf3
Nbd7 9. Nxf6+ Qxf6 10. Bg5 Qg6 11. Be7 Re8 12. Bb4 c5 13. Bd2 Bc7 14. Nh4 Qf6
15. O-O Nb6 16. Qc1 Qe7 17. Bg5 f6 18. Nf5 Bxf5 19. Bh6 gxh6 20. Qxh6 Qg7 21.
Qd2 Rab8 22. Qa5 Nc4 23. Qxc5 Nxb2 24. Qxa7 b6 25. Rab1 Ra8 26. Bxa8 Bd6 27.
Bd5+ Kf8 28. Qxb6 Ba3 29. Qa6 Qe7 30. Rfc1 Rd8 31. Bb3 e4 32. Re1 Qd6 33. Qb5
exd3 34. Qxf5 d2 35. Bd1 dxe1=Q+ 36. Kg2 Qd5+ 37. Qxd5 Rxd5 38. Bc2 Qxb1 39.
Bxb1 d3 1/2-1/2

[Event "Summer Team Tournament 2020"]
[Site "Skype"]
[Date "????.??.??"]
[Round "1"]
[White "Pena, Eduin"]
[Black "Elias, Roberto"]
[Result "1-0"]
[WhiteElo "1833"]
[BlackElo "1876"]
[PlyCount "115"]

1. e3 c5 2. f4 Nc6 3. Nf3 d6 4. d4 Bg4 5. c3 Nf6 6. Bd3 cxd4 7. exd4 Qa5 8. O-O
g6 9. Nbd2 Nd5 10. Nc4 Qc7 11. Qe1 Bg7 12. h3 Bd7 13. Ng5 h6 14. Ne4 O-O 15.
Ng3 Nf6 16. f5 g5 17. Ne4 d5 18. Nxf6+ exf6 19. Ne3 Ne7 20. b3 Rfe8 21. Ba3 Bc6
22. Rc1 Rad8 23. Rc2 Nc8 24. Re2 Nd6 25. Bxd6 Qxd6 26. Rff2 Re7 27. Nc2 Rde8
28. Rxe7 Rxe7 29. Re2 Bf8 30. Rxe7 Bxe7 31. Qe3 a5 32. Qf3 Bd8 33. Ne3 Bc7 34.
Ng4 Kg7 35. Nf2 Qf4 36. Qxf4 Bxf4 37. Kf1 Bd2 38. Nd1 b5 39. Ke2 Bf4 40. g4 h5
41. b4 axb4 42. cxb4 hxg4 43. hxg4 Bd6 44. a3 Bf4 45. Nc3 Bc1 46. Bxb5 Bb7 47.
a4 Ba3 48. Na2 Bb2 49. Kd3 Kf8 50. a5 Ke7 51. Ba4 Ba3 52. Kc2 Kd8 53. Kb3 Bxb4
54. Kxb4 Ba6 55. Bb5 Bb7 56. Kc5 Kc7 57. a6 Ba8 58. Nc3 1-0

[Event "Summer Team Tournament 2020"]
[Site "Skype"]
[Date "????.??.??"]
[Round "1"]
[White "Vello, Pablo"]
[Black "Contreras, Leidy Tatiana"]
[Result "1-0"]
[WhiteElo "1527"]
[BlackElo "1355"]
[PlyCount "53"]

1. d4 Nf6 2. Nc3 g6 3. Bf4 a6 4. e4 Bg7 5. Qd2 O-O 6. Bh6 Ne8 7. h4 f6 8. h5 g5
9. Bxg7 Nxg7 10. O-O-O h6 11. Bd3 d6 12. Nge2 Nc6 13. Bc4+ Be6 14. Bxe6+ Nxe6
15. d5 Ne5 16. dxe6 c6 17. Ng3 Qb6 18. b3 c5 19. Nf5 Kh7 20. Nxe7 Rfe8 21. Ned5
Qa5 22. Nxf6+ Kg7 23. Nxe8+ Rxe8 24. Na4 Qc7 25. Qxd6 Qxd6 26. Rxd6 b5 27. Nxc5
1-0

[Event "Summer Team Tournament 2020"]
[Site "Skype"]
[Date "????.??.??"]
[Round "1"]
[White "Vasquez, Alejandra"]
[Black "Bustos, Ricardo"]
[Result "1/2-1/2"]
[WhiteElo "1000"]
[BlackElo "1216"]
[PlyCount "66"]

1. d4 Nf6 2. Nf3 g6 3. e3 Bg7 4. g3 d6 5. Bg2 c6 6. O-O O-O 7. c3 Nbd7 8. Nbd2
e5 9. Re1 Qc7 10. Qc2 exd4 11. exd4 Qb6 12. Nf1 Re8 13. Bf4 Bf8 14. Rxe8 Nxe8
15. Re1 Nef6 16. Bh3 Qc7 17. Bxd7 Qxd7 18. Kh1 Qf5 19. Qxf5 Bxf5 20. Ne3 Bd7
21. Kg2 h6 22. h4 Nh5 23. Nd1 Nxf4+ 24. gxf4 Re8 25. Kg3 Rxe1 26. Nxe1 Bg7 27.
Nf3 Kf8 28. Ne3 Ke7 29. b4 a6 30. a3 b5 31. Kh2 h5 32. Kg3 f6 33. Kh2 Bh6
1/2-1/2

[Event "Summer Team Tournament 2020"]
[Site "Skype"]
[Date "????.??.??"]
[Round "1"]
[White "Berbedes, Jorgelina"]
[Black "Pantaleon, Julio"]
[Result "0-1"]
[WhiteElo "1074"]
[BlackElo "1000"]
[PlyCount "50"]

1. d4 d5 2. Nf3 Nf6 3. Bf4 Bf5 4. e3 Nc6 5. Bd3 Bxd3 6. Qxd3 e6 7. Nbd2 Bd6 8.
Bxd6 Qxd6 9. O-O O-O 10. h3 Nb4 11. Qb3 a5 12. c3 a4 13. Qd1 Nc6 14. a3 Rfe8
15. Re1 e5 16. dxe5 Nxe5 17. Rc1 Nd3 18. Re2 Nxc1 19. Qxc1 b5 20. b4 axb3 21.
Nxb3 Rxa3 22. Nbd4 c6 23. Nf5 Qc5 24. Rc2 Ne4 25. Qb2 Rxc3 0-1

[Event "Summer Team Tournament 2020"]
[Site "Skype"]
[Date "????.??.??"]
[Round "1"]
[White "Rapaire, Jean-Michel"]
[Black "Bourdeau, Yvan"]
[Result "1-0"]
[WhiteElo "1880"]
[BlackElo "1622"]
[PlyCount "85"]

1. e4 Nf6 2. Nc3 d6 3. Bc4 Nbd7 4. d4 e5 5. Nge2 Be7 6. O-O Nb6 7. Bb3 Bg4 8.
f3 Bd7 9. Bg5 O-O 10. a4 a6 11. a5 Nc8 12. Ba4 Ne8 13. Bxe7 Nxe7 14. Bxd7 Qxd7
15. dxe5 Rd8 16. exd6 Qxd6 17. Qxd6 Nxd6 18. b3 c6 19. Nf4 Ng6 20. Nxg6 hxg6
21. Rfd1 Nc8 22. Kf2 Rfe8 23. Rxd8 Rxd8 24. Rd1 Rxd1 25. Nxd1 Nd6 26. Ke2 Kf8
27. Nc3 Ke7 28. Na4 Kd7 29. Nc5+ Kc7 30. c4 Kc8 31. g4 Kc7 32. e5 Nc8 33. h4
Ne7 34. f4 Kc8 35. Ke3 Kc7 36. f5 gxf5 37. gxf5 b6 38. axb6+ Kxb6 39. Nd3 Ng8
40. Kf4 Ne7 41. f6 gxf6 42. exf6 Ng8 43. Kf5 1-0

[Event "Summer Team Tournament 2020"]
[Site "Skype"]
[Date "????.??.??"]
[Round "1"]
[White "Abate, Leonardo"]
[Black "L'Herbon de Lussats, Jean"]
[Result "0-1"]
[WhiteElo "1000"]
[BlackElo "1413"]
[PlyCount "50"]

1. d4 c6 2. e4 d5 3. Nc3 dxe4 4. Nxe4 Bf5 5. Ng3 Bg6 6. Nf3 h6 7. Bd3 Bh7 8.
O-O Nf6 9. c3 e6 10. Ne5 Nbd7 11. Nh5 Nxe5 12. dxe5 Nd5 13. Bxh7 Rxh7 14. Qg4
Qc7 15. f4 O-O-O 16. c4 Ne7 17. f5 Nxf5 18. Rxf5 g6 19. Rf3 gxh5 20. Qxh5 Rd1+
21. Kf2 Qb6+ 22. Kg3 Rg7+ 23. Kh3 Rg6 24. Be3 Qxb2 25. Rxd1 Qxg2+ 0-1

[Event "Summer Team Tournament 2020"]
[Site "Skype"]
[Date "????.??.??"]
[Round "1"]
[White "Farfallini, Michel"]
[Black "Briere, Jean"]
[Result "0-1"]
[WhiteElo "1304"]
[BlackElo "1388"]
[PlyCount "44"]

1. e4 e5 2. Nf3 Nc6 3. Bc4 Bc5 4. O-O Nf6 5. d3 O-O 6. b4 Bxb4 7. c3 Bc5 8.
Nbd2 d5 9. exd5 Nxd5 10. Bb2 Nf4 11. Re1 Nxd3 12. Bxd3 Qxd3 13. Nxe5 Nxe5 14.
Rxe5 Bd6 15. Re3 Qg6 16. Nf3 Bg4 17. Qd4 Bxf3 18. Rxf3 Rfe8 19. c4 Be5 20. Qd2
Rad8 21. Qb4 Bxb2 22. Rg3 Qd6 0-1

[Event "Summer Team Tournament 2020"]
[Site "Skype"]
[Date "????.??.??"]
[Round "1"]
[White "Schnell, Nicolas"]
[Black "Boudet, Nicole"]
[Result "0-1"]
[WhiteElo "1104"]
[BlackElo "1068"]
[PlyCount "56"]

1. e4 e5 2. Nf3 Nc6 3. Nc3 Nf6 4. Bc4 Bc5 5. d3 a6 6. Ng5 O-O 7. Nd5 h6 8. Nf3
d6 9. Nh4 Ng4 10. Nf3 Bxf2+ 11. Kf1 b5 12. Bb3 Ba7 13. Qe1 Na5 14. Qxa5 Bb6 15.
Nxb6 cxb6 16. Qe1 a5 17. c4 a4 18. Bd1 bxc4 19. d4 f6 20. d5 f5 21. Nh4 fxe4+
22. Kg1 b5 23. Be3 Nxe3 24. Qxe3 Qxh4 25. Bc2 Qf4 26. Qe2 Bg4 27. Qe1 e3 28.
Qb1 Qf2# 0-1

[Event "Summer Team Tournament 2020"]
[Site "Skype"]
[Date "????.??.??"]
[Round "1"]
[White "Montalvo, Mario"]
[Black "Calderon, Francisco"]
[Result "1-0"]
[WhiteElo "1707"]
[BlackElo "1683"]
[PlyCount "133"]

1. c4 e5 2. d3 Nf6 3. Nf3 Nc6 4. a3 d5 5. cxd5 Qxd5 6. Nc3 Qe6 7. g3 Be7 8. Bg2
h6 9. O-O O-O 10. b4 a5 11. b5 Nd4 12. e3 Nxf3+ 13. Bxf3 Rb8 14. Bb2 Rd8 15.
Qe2 Bd7 16. a4 c6 17. Ba3 Bxa3 18. Rxa3 Qd6 19. Rb3 Be6 20. Rbb1 Qxd3 21. Qxd3
Rxd3 22. Ne4 cxb5 23. Nc5 Rc3 24. Nxe6 fxe6 25. Rxb5 e4 26. Be2 b6 27. Rfb1 Nd5
28. Bg4 Kf7 29. Rxa5 Ra3 30. Ra7+ Kf6 31. a5 b5 32. Ra6 b4 33. Bxe6 Nc7 34. Rb6
Rxb6 35. axb6 Na6 36. Bc8 Nb8 37. Rxb4 Ke7 38. Rxe4+ Kd8 39. Bb7 Rb3 40. Re6
Nd7 41. Rg6 Rxb6 42. Rxb6 Nxb6 43. h4 Ke7 44. g4 Nd7 45. Kg2 Kf6 46. Kg3 Ne5
47. Bd5 Ng6 48. f4 Ne7 49. g5+ hxg5 50. hxg5+ Kg6 51. Be4+ Kf7 52. Kg4 g6 53.
f5 gxf5+ 54. Bxf5 Kg7 55. e4 Kf7 56. Kh5 Kg7 57. g6 Ng8 58. e5 Ne7 59. Kg5 Ng8
60. Be6 Ne7 61. Bf7 Nc6 62. Kf5 Ne7+ 63. Ke6 Nc6 64. Kd6 Nd8 65. e6 Nb7+ 66.
Kc7 Nc5 67. e7 1-0

[Event "Summer Team Tournament 2020"]
[Site "Skype"]
[Date "????.??.??"]
[Round "1"]
[White "Pezzolato, Erica"]
[Black "Rodriguez, Erick"]
[Result "1-0"]
[WhiteElo "1458"]
[BlackElo "1000"]
[PlyCount "175"]

1. c4 e5 2. d3 Nc6 3. Nf3 h6 4. g3 b6 5. Bg2 d5 6. cxd5 Qxd5 7. Nc3 Bb4 8. O-O
Qd7 9. Bd2 a6 10. Nxe5 Nxe5 11. Bxa8 c6 12. Qa4 a5 13. Bxc6 Nxc6 14. Be3 Bc5
15. Bxc5 bxc5 16. Ne4 Qd5 17. Rac1 Qd4 18. Qxc6+ Bd7 19. Nd6+ Ke7 20. Qe4+ Kxd6
21. Qxd4+ cxd4 22. Rc4 Kd5 23. Rc7 Nf6 24. Rfc1 a4 25. Rb7 Rf8 26. Rcc7 Kd6 27.
Rc4 Kd5 28. Rcc7 Rd8 29. Kf1 Bc6 30. Rb6 Rd6 31. Ke1 Nd7 32. Rbxc6 Rxc6 33.
Rxd7+ Ke6 34. Rxd4 Rb6 35. Rxa4 Rxb2 36. a3 Rb1+ 37. Kd2 Rb2+ 38. Ke3 g5 39.
Ra6+ Kf5 40. f3 f6 41. h3 h5 42. g4+ hxg4 43. hxg4+ Ke5 44. a4 Rb4 45. a5 Rb3
46. Rb6 Rc3 47. a6 Ra3 48. Rb5+ Kd6 49. Rb6+ Ke5 50. Kd2 Kd4 51. e3+ Kc5 52.
Rxf6 Ra2+ 53. Kc3 Ra3+ 54. Kc2 Kb4 55. Rb6+ Kc5 56. Rg6 Ra4 57. Rxg5+ Kb4 58.
Rg6 Ra2+ 59. Kb1 Ra3 60. Rb6+ Kc5 61. Rb2 Rxa6 62. g5 Re6 63. Kc2 Rxe3 64. Rb3
Re2+ 65. Kc3 Rf2 66. d4+ Kd5 67. Rb5+ Ke6 68. Rb6+ Kd5 69. Rf6 Rf1 70. g6 Rg1
71. f4 Rc1+ 72. Kd3 Rc7 73. f5 Rc1 74. g7 Rg1 75. Rg6 Rd1+ 76. Ke2 Rxd4 77.
g8=Q+ Ke5 78. Qe6+ Kf4 79. Qe3+ Kxf5 80. Qxd4 Kxg6 81. Qe5 Kf7 82. Kf3 Kg6 83.
Kg4 Kh6 84. Kf5 Kh7 85. Kf6 Kh8 86. Qe8+ Kh7 87. Qg6+ Kh8 88. Qg7# 1-0

[Event "Summer Team Tournament 2020"]
[Site "Skype"]
[Date "????.??.??"]
[Round "1"]
[White "Conde, Carmen"]
[Black "Bosetti, Giancarlo"]
[Result "1-0"]
[WhiteElo "1214"]
[BlackElo "1356"]
[PlyCount "85"]

1. e4 e5 2. Bc4 Bc5 3. Qe2 Nf6 4. h3 Nc6 5. c3 d6 6. Nf3 O-O 7. a3 a6 8. b4 Ba7
9. d3 Re8 10. Ng5 Be6 11. Bxe6 fxe6 12. O-O Qd7 13. Nd2 Ne7 14. a4 b6 15. f4
exf4 16. Rxf4 e5 17. Rf1 Rf8 18. Kh1 d5 19. Bb2 c6 20. Nb3 Rae8 21. Rad1 Qc7
22. Ne6 Qd6 23. Nxf8 Rxf8 24. Nd2 Ng6 25. Rf5 b5 26. a5 Nf4 27. Qf3 g6 28. Rg5
h6 29. Rg3 N6h5 30. Rg4 Qf6 31. Nf1 Bb8 32. Ng3 Nxg3+ 33. Rxg3 Nh5 34. Qxh5 g5
35. h4 Kh7 36. hxg5 Qf4 37. Qxh6+ Kg8 38. Rh3 Kf7 39. g6+ Ke8 40. Qh7 Qg4 41.
g7 Qxd1+ 42. Kh2 Qf3 43. gxf3 1-0

[Event "Summer Team Tournament 2020"]
[Site "Skype"]
[Date "????.??.??"]
[Round "1"]
[White "De Fazio, Monica"]
[Black "Conde, Abigail"]
[Result "0-1"]
[WhiteElo "1125"]
[BlackElo "1196"]
[PlyCount "100"]

1. e4 e5 2. Nf3 d6 3. Bc4 h6 4. O-O a6 5. Nc3 c6 6. d3 a5 7. a4 Nd7 8. Be3 b6
9. d4 Ngf6 10. d5 c5 11. Bb5 Be7 12. Qd3 Qc7 13. Bc6 Rb8 14. Nb5 Qd8 15. Nd2
O-O 16. h3 Ba6 17. f4 Nh5 18. fxe5 Nxe5 19. Qe2 Ng3 20. Qh5 Nxf1 21. Rxf1 Bh4
22. Rf4 Bg5 23. Nxd6 Bxf4 24. Be8 Bxe3+ 25. Kh2 Bf4+ 26. g3 Bxd2 27. Qxe5 f6
28. Qe6+ Kh7 29. Qf5+ Kh8 30. Nf7+ Rxf7 31. Bxf7 Bc8 32. Qh5 Qd7 33. h4 Bf4 34.
gxf4 Qh3+ 35. Kg1 Qg3+ 36. Kf1 Bh3+ 37. Ke2 c4 38. Qf3 Qh2+ 39. Ke3 Qg1+ 40.
Qf2 Qc1+ 41. Kf3 b5 42. d6 bxa4 43. d7 Bxd7 44. Qa7 Qd1+ 45. Ke3 Rd8 46. e5 Bg4
47. Kf2 Qe2+ 48. Kg3 Qf3+ 49. Kh2 Rd2+ 50. Kg1 Qd1# 0-1

[Event "Summer Team Tournament 2020"]
[Site "Skype"]
[Date "????.??.??"]
[Round "1"]
[White "Caputi, Giuliano"]
[Black "Ambrosino, Theo"]
[Result "1-0"]
[WhiteElo "1793"]
[BlackElo "1684"]
[PlyCount "59"]

1. e4 d5 2. exd5 Qxd5 3. Nf3 Qa5 4. Nc3 Bg4 5. Be2 Nf6 6. O-O Nbd7 7. d4 e6 8.
h3 Bh5 9. Bf4 h6 10. Nb5 Nd5 11. Bd2 Qb6 12. c4 N5f6 13. Bf4 Rc8 14. a4 c5 15.
a5 Qa6 16. Nc7+ Rxc7 17. Bxc7 g5 18. Ne5 Bxe2 19. Qxe2 cxd4 20. Nxd7 Kxd7 21.
Be5 Bg7 22. Bxd4 Rc8 23. b3 Ke7 24. Bc3 Kf8 25. Qf3 Ke7 26. Rad1 Qc6 27. Rd3
Bh8 28. Rfd1 Rc7 29. Bb4+ Ke8 30. Rd8# 1-0

[Event "Summer Team Tournament 2020"]
[Site "Skype"]
[Date "????.??.??"]
[Round "1"]
[White "Amato, Ludovica"]
[Black "Ramirez Reina, Orlando"]
[Result "0-1"]
[WhiteElo "1402"]
[BlackElo "1497"]
[PlyCount "110"]

1. e4 Nc6 2. Nf3 e5 3. Bc4 Be7 4. c3 d6 5. O-O Bg4 6. h3 Bxf3 7. Qxf3 Nf6 8. d3
h6 9. Be3 O-O 10. d4 Re8 11. Bb3 Bf8 12. Nd2 Qe7 13. Bc2 a6 14. Rad1 Rad8 15.
Qe2 d5 16. Rfe1 dxe4 17. Nxe4 Nxe4 18. Bxe4 exd4 19. Bxd4 Nxd4 20. Rxd4 Rxd4
21. cxd4 c6 22. Bf3 Qxe2 23. Rxe2 Rxe2 24. Bxe2 g5 25. Bf3 f5 26. d5 cxd5 27.
Bxd5+ Kg7 28. Bxb7 a5 29. g3 Kf6 30. Kg2 Bd6 31. Kf3 h5 32. Ke2 Be5 33. b3 f4
34. g4 h4 35. f3 Bd4 36. Kd3 Ke5 37. Kc4 Be3 38. Kb5 Bd2 39. Kc6 Ke6 40. Bc8+
Ke7 41. Kd5 Kf6 42. Ke4 Bb4 43. Kd5 Bd2 44. Kc4 Ke5 45. Kb5 Kd4 46. a3 Ke3 47.
Bb7 Kf2 48. Kc5 Kg3 49. Kd6 Kxh3 50. Ke6 Kg2 51. Kf5 h3 52. Kxg5 h2 53. b4 axb4
54. axb4 Bxb4 55. Kxf4 h1=Q 0-1

[Event "Summer Team Tournament 2020"]
[Site "Skype"]
[Date "????.??.??"]
[Round "1"]
[White "Crocioni, Luca"]
[Black "Pirola, Gabriele"]
[Result "1/2-1/2"]
[WhiteElo "1332"]
[BlackElo "1000"]
[PlyCount "71"]

1. d4 Nf6 2. Bf4 d5 3. e3 c5 4. Nf3 Bg4 5. Be2 cxd4 6. Nxd4 Bxe2 7. Nxe2 e6 8.
Nbc3 Nc6 9. Nd4 Nxd4 10. Qxd4 Bd6 11. Qa4+ Kf8 12. Bg5 Be5 13. Qb4+ Kg8 14. Ne2
b6 15. Ng3 h6 16. Bf4 a5 17. Qb3 a4 18. Qb5 Ra5 19. Qd3 Bxb2 20. Rb1 a3 21. O-O
b5 22. c3 Ra4 23. Be5 b4 24. Qb5 Qa8 25. Bxf6 gxf6 26. cxb4 Ra7 27. Nh5 f5 28.
Qe2 Qb7 29. b5 Ra5 30. Qf3 Rxb5 31. Qg3+ Kf8 32. Qd6+ Kg8 33. Qd8+ Kh7 34. Nf6+
Kg7 35. Ne8+ Kg8 36. Nf6+ 1/2-1/2

[Event "Summer Team Tournament 2020"]
[Site "Skype"]
[Date "????.??.??"]
[Round "1"]
[White "More, Sanskruti"]
[Black "Tolaro, Filippa"]
[Result "1-0"]
[WhiteElo "1000"]
[BlackElo "1000"]
[PlyCount "39"]

1. e4 c6 2. d4 d5 3. Nc3 dxe4 4. Nxe4 Bf5 5. Bd3 e6 6. Nf3 Nf6 7. Nxf6+ Qxf6 8.
Bg5 Qg6 9. O-O Be7 10. Bxe7 Kxe7 11. Qe1 Re8 12. Qb4+ Kd8 13. Qxb7 Nd7 14.
Qxa8+ Ke7 15. Qxa7 Be4 16. Rfe1 f5 17. Bxe4 fxe4 18. Ne5 Qg5 19. Qxd7+ Kf8 20.
Qf7# 1-0

[Event "Summer Team Tournament 2020"]
[Site "Skype"]
[Date "????.??.??"]
[Round "1"]
[White "Davis, Michael"]
[Black "Saponara, Jose Maria"]
[Result "0-1"]
[WhiteElo "1530"]
[BlackElo "1714"]
[PlyCount "68"]

1. d4 d5 2. c4 Nc6 3. Nc3 e6 4. a3 Nf6 5. Nf3 Bd6 6. c5 Be7 7. Bf4 a6 8. e3 O-O
9. Bd3 b6 10. b4 Bb7 11. b5 Na5 12. c6 Bc8 13. Qc2 h6 14. Ne5 Bd6 15. O-O Nh5
16. Bh7+ Kh8 17. Nxf7+ Rxf7 18. Bg6 Rxf4 19. exf4 Nxf4 20. Bd3 Nxd3 21. Qxd3
Nc4 22. a4 a5 23. Ne2 Qf6 24. f4 Qf5 25. Qxf5 exf5 26. g3 Be6 27. Kf2 Nd2 28.
Rfd1 Ne4+ 29. Kg2 Rg8 30. Rf1 g5 31. fxg5 hxg5 32. Ra3 f4 33. Kh1 Bh3 34. Rff3
Bg4 0-1

[Event "Summer Team Tournament 2020"]
[Site "Skype"]
[Date "????.??.??"]
[Round "1"]
[White "Carballo, Jorge"]
[Black "Rosenkoetter, David"]
[Result "1/2-1/2"]
[WhiteElo "1594"]
[BlackElo "1286"]
[PlyCount "73"]

1. e4 c6 2. d4 d5 3. exd5 cxd5 4. Nf3 Bf5 5. Bd3 Bxd3 6. Qxd3 Qa5+ 7. Nc3 Nf6
8. Qb5+ Qxb5 9. Nxb5 Na6 10. Bg5 Ne4 11. Bd2 Nxd2 12. Nxd2 e6 13. a3 Be7 14.
Nc3 Rc8 15. Rc1 Nc7 16. Ne2 Bg5 17. c3 O-O 18. Rc2 Ne8 19. O-O Nd6 20. Nf3 Bf6
21. Ne5 Rc7 22. Ng3 g6 23. Rfc1 b5 24. Ng4 Bg7 25. f4 f5 26. Nf2 a6 27. Nd3 a5
28. Nc5 Re8 29. Re1 Kf7 30. Rce2 Rce7 31. Nd3 h5 32. Ne5+ Bxe5 33. dxe5 Ne4 34.
Nxe4 dxe4 35. Rd1 Rc8 36. Red2 Rcc7 37. Kf2 1/2-1/2

[Event "Summer Team Tournament 2020"]
[Site "Skype"]
[Date "????.??.??"]
[Round "1"]
[White "Reese, Evan"]
[Black "De Nobrega, George"]
[Result "0-1"]
[WhiteElo "1235"]
[BlackElo "1311"]
[PlyCount "80"]

1. e4 e5 2. Nf3 d6 3. Nc3 Nc6 4. Bc4 h6 5. d3 Nf6 6. O-O Be7 7. Be3 Na5 8. Bd5
Nxd5 9. Nxd5 O-O 10. c3 Nc6 11. d4 exd4 12. Nxd4 Ne5 13. Nxe7+ Qxe7 14. Nf3 Nc4
15. Qb3 Nxe3 16. fxe3 Qxe4 17. Rae1 b6 18. Nd2 Qg6 19. e4 Bh3 20. Re2 Be6 21.
c4 Rab8 22. Qf3 Bg4 23. Qe3 Bxe2 24. Qxe2 Qe6 25. b3 Qe5 26. Nf3 Qe7 27. Qf2
Qxe4 28. Nd4 Rbe8 29. Nf5 Re5 30. a4 Qe2 31. Qg3 g6 32. Nxh6+ Kh7 33. Nxf7 Qe3+
34. Kh1 Qxg3 35. hxg3 Re3 36. Ng5+ Kg8 37. Rxf8+ Kxf8 38. Kh2 Rxb3 39. Ne6+ Kf7
40. Nxc7 Rb4 0-1

[Event "Summer Team Tournament 2020"]
[Site "Skype"]
[Date "????.??.??"]
[Round "1"]
[White "Delgado, Brian"]
[Black "Alverson, Ginny"]
[Result "1-0"]
[WhiteElo "1000"]
[BlackElo "1016"]
[PlyCount "65"]

1. e4 c5 2. Nf3 d6 3. d4 Nc6 4. dxc5 e6 5. Nc3 Nf6 6. Be3 Bd7 7. cxd6 Rc8 8.
Nb5 Qa5+ 9. c3 Nxe4 10. Nc7+ Kd8 11. Nb5 Nxd6 12. Nxd6 Bxd6 13. Qxd6 Qc7 14.
Ng5 Ne5 15. Bc5 Qxc5 16. Qxc5 Rxc5 17. f4 Be8 18. O-O-O+ Nd7 19. Ne4 Ra5 20. a3
Rf5 21. g3 Rd5 22. Re1 f5 23. Ng5 Nf6 24. Nxe6+ Kd7 25. Nxg7 Rg8 26. Nxe8 Nxe8
27. Bc4 Rc5 28. Bxg8 Nd6 29. Re6 Rd5 30. Rxd6+ Rxd6 31. Rd1 Rxd1+ 32. Kxd1 Ke8
33. Bxh7 1-0

[Event "Summer Team Tournament 2020"]
[Site "Skype"]
[Date "????.??.??"]
[Round "1"]
[White "Montenegro, Juan Carlos"]
[Black "De Almeida, Renato Barbosa"]
[Result "1-0"]
[WhiteElo "1810"]
[BlackElo "1630"]
[PlyCount "53"]

1. e4 e5 2. Nf3 Nf6 3. Nxe5 Bd6 4. Nc4 Nxe4 5. Nc3 Nxc3 6. Nxd6+ cxd6 7. dxc3
Qe7+ 8. Be3 Nc6 9. Qd2 O-O 10. O-O-O Qe6 11. Kb1 b6 12. Qxd6 Bb7 13. Qg3 Rac8
14. Bd3 Ne7 15. Bf4 Nd5 16. Rhe1 Qf6 17. Bd6 Rfd8 18. c4 Rc6 19. Be5 Qh6 20.
cxd5 Rc5 21. c4 b5 22. Bd4 Rcc8 23. Re4 g6 24. Rh4 Qf8 25. Qh3 Qe7 26. Rxh7 Kf8
27. Rh8# 1-0

[Event "Summer Team Tournament 2020"]
[Site "Skype"]
[Date "????.??.??"]
[Round "1"]
[White "Souza, Joselito Dos Santos"]
[Black "Mitrani, Alberto"]
[Result "0-1"]
[WhiteElo "1428"]
[BlackElo "1428"]
[PlyCount "122"]

1. d4 d6 2. Nf3 g6 3. Bf4 Bg7 4. e3 Nf6 5. Be2 Nbd7 6. Nbd2 O-O 7. O-O b6 8.
Bb5 Bb7 9. c4 Ne4 10. Qa4 Nxd2 11. Nxd2 Nf6 12. Bg5 Qc8 13. Bxf6 Bxf6 14. Bd7
Qd8 15. f4 e5 16. fxe5 dxe5 17. d5 Bg5 18. Rf3 Qe7 19. Ne4 Bh6 20. Rd1 Rfd8 21.
Bc6 Bxc6 22. Qxc6 f5 23. d6 cxd6 24. Rxd6 fxe4 25. Rff6 Bxe3+ 26. Kf1 Rf8 27.
Ke2 Rac8 28. Qd5+ Kh8 29. Rxf8+ Rxf8 30. Kxe3 Qg5+ 31. Kxe4 Rf4+ 32. Kd3 Rd4+
33. Qxd4 exd4 34. Rxd4 Qxg2 35. Rd8+ Kg7 36. Kc3 Qxh2 37. Rd7+ Kf6 38. Rxa7
Qe5+ 39. Kc2 h5 40. Ra3 Qc5 41. Rf3+ Ke5 42. b3 b5 43. Kb2 bxc4 44. Rc3 Qf2+
45. Ka3 Qa7+ 46. Kb2 cxb3 47. Rxb3 Qd4+ 48. Rc3 Qd2+ 49. Kb3 g5 50. a4 Qd5+ 51.
Kb4 Kd4 52. Rc1 Qb7+ 53. Ka3 Qf3+ 54. Kb4 g4 55. a5 g3 56. Rc4+ Kd5 57. Rc5+
Kd6 58. Rc3 Qxc3+ 59. Kxc3 g2 60. Kb4 g1=Q 61. a6 Qb6+ 0-1

[Event "Summer Team Tournament 2020"]
[Site "Skype"]
[Date "????.??.??"]
[Round "1"]
[White "Moumtaz, Abderrahim"]
[Black "Sanches Da Silva, Carlos Eduardo"]
[Result "1-0"]
[WhiteElo "1292"]
[BlackElo "1000"]
[PlyCount "53"]

1. d4 Nf6 2. c4 d5 3. cxd5 Nxd5 4. e4 Nb6 5. Nc3 e6 6. Nf3 Bb4 7. Bd2 c5 8.
dxc5 Bxc5 9. Be3 Qxd1+ 10. Nxd1 Bxe3 11. Nxe3 O-O 12. Bd3 N6d7 13. O-O Re8 14.
e5 Nc6 15. a3 Ncxe5 16. Nxe5 Nxe5 17. Bb5 Rd8 18. f4 Ng6 19. Rad1 Rxd1 20. Rxd1
a6 21. Rd8+ Nf8 22. Bd7 Bxd7 23. Rxa8 h6 24. Rb8 Bc6 25. Nc4 g6 26. Ne5 Bd5 27.
Nd7 1-0

[Event "Summer Team Tournament 2020"]
[Site "Skype"]
[Date "????.??.??"]
[Round "1"]
[White "Carlos Souza, Fernando"]
[Black "Latterra, Jeremias"]
[Result "1-0"]
[WhiteElo "1000"]
[BlackElo "1065"]
[PlyCount "32"]

1. c4 Nf6 2. d4 d5 3. Nc3 c6 4. Nf3 Bf5 5. e3 e6 6. a3 g6 7. Be2 Bg7 8. O-O O-O
9. cxd5 cxd5 10. Nh4 Be4 11. f3 Ng4 12. fxe4 Qxh4 13. Bxg4 Nd7 14. e5 f6 15.
Bxe6+ Kh8 16. Bxd7 Rf7 1-0

[Event "Summer Team Tournament 2020"]
[Site "Skype"]
[Date "????.??.??"]
[Round "1"]
[White "Da Silva, Sidnei Silvestre"]
[Black "Rajpurohit, Dinesh"]
[Result "1-0"]
[WhiteElo "1566"]
[BlackElo "1613"]
[PlyCount "43"]

1. d4 Nf6 2. Bf4 g6 3. e3 Bg7 4. c3 d6 5. Bc4 c6 6. Nf3 Bf5 7. Nbd2 Nbd7 8. Qb3
d5 9. Be2 Nb6 10. Ne5 O-O 11. h4 h5 12. f3 Nbd7 13. g4 hxg4 14. fxg4 Nxe5 15.
gxf5 Neg4 16. fxg6 fxg6 17. Qc2 Qe8 18. Rg1 Qf7 19. Bxg4 Nxg4 20. Rxg4 e5 21.
dxe5 Rae8 22. Qxg6 1-0

[Event "Summer Team Tournament 2020"]
[Site "Skype"]
[Date "????.??.??"]
[Round "1"]
[White "Trivedi, Viral"]
[Black "Lopes, Marcia Maria"]
[Result "1-0"]
[WhiteElo "1535"]
[BlackElo "1363"]
[PlyCount "51"]

1. d4 Nf6 2. Bf4 e6 3. e3 b6 4. c3 Bb7 5. Nd2 c5 6. Ngf3 Be7 7. Nc4 d6 8. dxc5
bxc5 9. Nxd6+ Bxd6 10. Qxd6 Qxd6 11. Bxd6 Bxf3 12. gxf3 Nbd7 13. Bb5 Rc8 14.
O-O-O g5 15. Rhg1 h6 16. e4 c4 17. e5 Nd5 18. Ba6 Rc6 19. Bb7 Nxe5 20. Bxc6+
Nxc6 21. Rge1 Kd7 22. Bg3 Nce7 23. h4 a5 24. hxg5 hxg5 25. Rh1 Rb8 26. Bxb8 1-0

[Event "Summer Team Tournament 2020"]
[Site "Skype"]
[Date "????.??.??"]
[Round "1"]
[White "Carvalho, Cleiton Francisco de"]
[Black "Solanki, Pragnesh"]
[Result "0-1"]
[WhiteElo "1000"]
[BlackElo "1239"]
[PlyCount "54"]

1. d4 Nf6 2. c4 g6 3. Nc3 Bg7 4. e4 d6 5. f3 Nbd7 6. Be3 b6 7. Nge2 c5 8. Ng3
cxd4 9. Bxd4 O-O 10. Be2 Bb7 11. h4 h5 12. Bd3 Rc8 13. Nge2 Qc7 14. Nb5 Qb8 15.
g4 hxg4 16. f4 Nxe4 17. Rg1 e5 18. Be3 exf4 19. Bxf4 Ne5 20. Rxg4 Nxg4 21. Bxe4
Bxe4 22. Nec3 Bxc3+ 23. Nxc3 Rfe8 24. Kd2 Ne5 25. b3 Bf3 26. Qf1 Qb7 27. Re1
Bg2 0-1